• 首页
  • 本馆介绍
  • 公告通知
  • 最新文献
  • 馆藏检索
  • 电子资源
  • 读者导购
  • 参考咨询
  • 我的图书馆
  • 登录
  • 详细信息显示
  • 放入我的书架
  • 预约/预借图书
  • 作者相关作品
  • 分类相关作品
  • 丛书相关作品
  • 出版社相关作品

书目信息

  • 表格格式
  • 工作单格式
  • 卡片格式
题名:
体育统计
    
 
作者: 丛湖平 主编
分册:  
出版信息: 北京   高等教育出版社  1998
页数: 388页
开本: 20cm
丛书名:
单 册:
中图分类: G80-32
科图分类:
主题词: 体育理论
电子资源:
ISBN: 7-04-006578-9
000 00534nam0 2200193 450
001 0660648390
005 20060930100430.54
010    @a7-04-006578-9@dCNY12.10
100    @a20060928d1998 km y0chiy0120 ea
101 0  @achi
102    @aCN@b110000
200 1  @a体育统计@Ati yu tong ji@f丛湖平主编@Fcong hu ping zhu bian
210    @a北京@c高等教育出版社@d1998
215    @a388页@c表格@d20cm
606 0  @a体育理论
690    @aG80-32@v3
701  0 @a丛湖平@Acong hu ping@4主编
801  0 @aCN@bPFT@c20060930
905    @a10447@dG80-32@e174
    
    体育统计/丛湖平主编.-北京:高等教育出版社,1998
    388页:表格;20cm
    
    
    ISBN 7-04-006578-9:CNY12.10
    
●
相关链接 在E读中查询图书 在五车中查询图书 在当当中查询图书 在豆瓣中查询图书


正题名:体育统计     索取号:G80-32/174         预约/预借

序号 登录号 条形码 馆藏地/架位号 状态 备注
1 0493402   204934027   密集书库/ [索取号:G80-32/174] 在馆    
2 0493403   204934036   密集书库/ [索取号:G80-32/174] 在馆    
3 0494094   204940948   密集书库/ [索取号:G80-32/174] 在馆    
4 0494147   204941475   密集书库/ [索取号:G80-32/174] 在馆    
5 0494148   204941484   密集书库/ [索取号:G80-32/174] 在馆    
唐山师范学院图书馆 欢迎您!
大连网信软件有限公司© 版权所有